Statistics for Provinces of Burundi

Click here to take the quiz!

General Stats

  • This quiz has been taken 28 times
  • The average score is 13 of 18

Answer Stats

AreaPopulationProvince% Correct
1,980 km²730,000Gitega
100%
1,470 km²660,000Ngozi
92%
1,640 km²310,000Bururi
85%
1,640 km²460,000Cibitoke
85%
1,090 km²340,000Bubanza
77%
1,700 km²630,000Kirundo
77%
1,840 km²630,000Muyinga
77%
90 km²500,000Bujumbura Mairie
69%
1,060 km²460,000Bujumbura Rural
69%
1,230 km²590,000Kayanza
69%
1,960 km²430,000Makamba
69%
700 km²290,000Muramvya
69%
840 km²270,000Mwaro
69%
1,080 km²350,000Rumonge
69%
2,340 km²400,000Ruyigi
69%
1,960 km²230,000Cankuzo
62%
1,460 km²440,000Karuzi
62%
1,960 km²330,000Rutana
62%

Score Distribution

Percentile by Number Answered

Percent of People with Each Score

Your Score History

You have not taken this quiz